000 00245nam a2200097Ia 4500
001 712896
005 20250826162836.0
008 250824s9999 xx 000 0 und d
245 0 _aAFRİKA RÜYASI
_cERNESTO CHE GUEVARA
260 _bEVEREST YAYINLARI
999 _c712896
_d712896